Les mots de la Marseillaise - Mort subite - Statistiques

Statistiques générales
  • Ce quiz a été pris 1 254 fois
  • Le résultat moyen est 3 sur 23
Answers on the Grid
Answers color-coded by a green-red scale on the quiz's grid according to % correct below.
Liberté
chérie
Amour
fiers
destinées
jeunes
héros
sacré
magnanimes
tigres
mâles
poussière
Homme
parricides
terre
cohortes
foyers
joug
joue
champs
chant
phalanges
armée
glorieuses
tyrans
drapeau
femmes
combattant
lions
Fraternité
égaux
loups
unis
Nuit
guerre
 
Statistiques - réponses
Réponse % Correct
Liberté
33%
tyrans
25%
chérie
18%
sacré
15%
Amour
14%
Homme
13%
foyers
11%
joug
11%
fiers
10%
terre
10%
unis
10%
cohortes
9%
guerre
9%
héros
9%
jeunes
9%
mâles
9%
magnanimes
8%
parricides
8%
poussière
8%
destinées
6%
phalanges
6%
Nuit
5%
tigres
5%
Aucun quiz correspondant
Distribution des résultats
% des personnes avec chaque résultat
Percentile par nombre de réponses
Votre historique - résultats
Vous n’avez pas pris ce quiz